<?xml version="1.0" encoding="UTF-8"?><?xml-stylesheet type="text/xsl" href="static/style.xsl"?><OAI-PMH xmlns="http://www.openarchives.org/OAI/2.0/" xmlns:xsi="http://www.w3.org/2001/XMLSchema-instance" xsi:schemaLocation="http://www.openarchives.org/OAI/2.0/ http://www.openarchives.org/OAI/2.0/OAI-PMH.xsd"><responseDate>2026-06-01T02:28:41Z</responseDate><request verb="GetRecord" identifier="oai:riuma.uma.es:10630/27671" metadataPrefix="marc">https://riuma.uma.es/rest/oai/request</request><GetRecord><record><header><identifier>oai:riuma.uma.es:10630/27671</identifier><datestamp>2026-02-03T12:30:54Z</datestamp><setSpec>com_10630_2254</setSpec><setSpec>col_10630_37959</setSpec></header><metadata><record xmlns="http://www.loc.gov/MARC21/slim" xmlns:dcterms="http://purl.org/dc/terms/" xmlns:doc="http://www.lyncode.com/xoai" xmlns:xsi="http://www.w3.org/2001/XMLSchema-instance" xsi:schemaLocation="http://www.loc.gov/MARC21/slim http://www.loc.gov/standards/marcxml/schema/MARC21slim.xsd">
   <leader>00925njm 22002777a 4500</leader>
   <datafield ind2=" " ind1=" " tag="042">
      <subfield code="a">dc</subfield>
   </datafield>
   <datafield ind2=" " ind1=" " tag="720">
      <subfield code="a">Herranz-Pinacho, María</subfield>
      <subfield code="e">author</subfield>
   </datafield>
   <datafield ind2=" " ind1=" " tag="260">
      <subfield code="c">2023</subfield>
   </datafield>
   <datafield ind2=" " ind1=" " tag="520">
      <subfield code="a">El monasterio de las Huelgas Reales de Valladolid fue fundado por la reina María de Molina hacia 1320. Desde el principio contó con el favor real, aunque también tuvo que hacer frente a diversos avatares materiales que hicieron que tuviera que ser reconstruido, tomando forma definitiva ya en el siglo XVI. En ese momento se convierte en uno de los cenobios preferidos por las grandes familias vallisoletanas, como destino para sus hijas, que llegan al monasterio con grandes dotes. Siempre ha sabido adaptarse a los tiempos, lo que ha hecho que perdure y se mantenga hasta la actualidad. &#xd;
Uno de los elementos de mayor interés de este monasterio, al margen de aquellos de naturaleza artística, es su rico patrimonio documental, conservado en su archivo. Posee una rica colección de pergaminos y hasta cuatro códices diplomáticos que son testigos del patrimonio que reunió y hubo de gestionar a lo largo de su historia. Para esta comunicación queremos detenernos en uno de los códices diplomáticos, el Tumbo A de 1596 (aunque el grueso de su redacción es posterior), con especial atención a dos elementos que en él se contienen. En primer lugar, la narración histórica de la fundación del monasterio. Es el único de los cuatro códices diplomáticos conservados que alberga un texto de estas características, lo que hace que sea especialmente interesante el detenerse en la imagen que la propia comunidad y el ejecutor del códice desearon plasmar para el recuerdo. En segundo lugar, nos interrogaremos sobre las causas que llevan al inicio de la puesta por escrito del Tumbo A y a su temprano abandono. Prestaremos atención a las noticias que da sobre documentación anterior hoy perdida, al mismo tiempo que trataremos de vincular la documentación medieval mencionada en este códice diplomático con la conservada en el archivo.</subfield>
   </datafield>
   <datafield ind1="8" ind2=" " tag="024">
      <subfield code="a">https://hdl.handle.net/10630/27671</subfield>
   </datafield>
   <datafield tag="653" ind2=" " ind1=" ">
      <subfield code="a">Archivonomía</subfield>
   </datafield>
   <datafield tag="653" ind2=" " ind1=" ">
      <subfield code="a">Monasterios - Gestión</subfield>
   </datafield>
   <datafield ind2="0" ind1="0" tag="245">
      <subfield code="a">Memoria y gestión del monasterio de las Huelgas Reales de Valladolid: el Tumbo A de 1596.</subfield>
   </datafield>
</record>
</metadata></record></GetRecord></OAI-PMH>